00266nam a2200097Ia 4500008004100000100000900041245006500050260002900115942000700144999001700151190216s9999||||xx |||||||||||||| ||und|| aNull 0aHindi-Hindi Ka Athma Sameeksha Thamak Sahithya Book Samishna bMac Millian And Com. Ltd cBK c17510d17510